000 00624 a2200193 4500
001 121953
020 _a9781474945837
040 _cEscola Canadense de Niteroi
090 _aTAP
100 _aTaplin, Sam
245 1 0 _aCadê Você Coelhinho?
260 _aSão Paulo
300 _bil.
_c6 x 13.8 x 1.4 cm
490 0 _aColeção esconde-esconde
520 _aOs pequeninos poderão procurar os animais escondidos nas ilustrações desta nova sérieusando as trilhas para os dedinhos e os recortes que criam divertidas ilusões visuais.
650 4 _aAnimais
650 4 _aKindergarten's Literature
942 _cBK
999 _c121953
_d121953